Politické prekážky ekonomických reforiem v Uzbeckej republike bakalárska práca

Uložené v:
Podrobná bibliografia
Hlavný autor: Majdáková, Barbara
Korporativný autor: Fakulta medzinárodných vzťahov EU. Katedra medzinárodných politických vzťahov
Ďalší autori: Kromková, Júlia, 1998-
Médium: Kniha
Jazyk:Slovak
Vydavateľské údaje: Bratislava 2024
Tagy: Pridať tag
Žiadne tagy, Buďte prvý, kto otaguje tento záznam!

MARC

LEADER 00000nbm a2200000 4500
001 0301818
005 20250226111159.2
041 0 |a slo 
044 |a SK 
245 1 0 |a Politické prekážky ekonomických reforiem v Uzbeckej republike  |b bakalárska práca  |c Barbara Majdáková ; školiteľ: Júlia Kromková 
264 1 |a Bratislava  |c 2024 
300 |a 49 s. 
100 1 |a Majdáková, Barbara 
700 1 |a Kromková, Júlia, 1998- 
710 2 |a Fakulta medzinárodných vzťahov EU. Katedra medzinárodných politických vzťahov